Aportes, capital social e infracapitalización en las sociedades comerciales

Պահպանված է:
Մատենագիտական մանրամասներ
Հիմնական հեղինակ: Vítolo, Daniel Roque (Հեղինակ)
Ձևաչափ: Գիրք
Լեզու:իսպաներեն
Հրապարակվել է: Buenos Aires Rubinzal - Culzoni 2010
Հրատարակություն:1a. ed
Խորագրեր:
Ցուցիչներ: Ավելացրեք ցուցիչ
Չկան պիտակներ, Եղեք առաջինը, ով նշում է այս գրառումը!

MARC

LEADER 00000cam a2200000 a 4500
001 UCD3819
003 CL-VaPUC
008 160616e20100000ag |||||||||||||||||spa|d
020 |a 9789873001352 
082 0 4 |a 346.07  |b VIT  |2 21 
100 0 |a Vítolo, Daniel Roque  |e author  |9 587409 
245 1 0 |a Aportes, capital social e infracapitalización en las sociedades comerciales 
250 |a 1a. ed 
300 |a 509 p 
942 |c BK 
945 |d 20160616 22:39:00  |a arojas 
260 |a Buenos Aires  |b Rubinzal - Culzoni  |c 2010 
650 0 |a Derecho comercial   |9 256340 
650 0 |a Sociedades comerciales   |9 257290 
650 7 |a CAPITALES  |2 CL-VaPUC  |9 587410 
650 7 |a CAPITALIZACION  |2 CL-VaPUC  |9 410865 
583 |a last modification  |c 20160616 22:39:00  |k Rodrigo Vera 
999 |c 364834  |d 364832 
952 |0 0  |1 0  |3 erb  |4 0  |6 346_070000000000000_VIT_2010  |7 0  |8 A  |9 478428  |a BIBDER  |b BIBDER  |i 5293006  |o 346.07 VIT 2010  |p 5293006  |r 2023-01-25  |w 2019-11-24  |y BK  |z Catalogado en:20160616  |k DER